000
00304nam a22001337a 4500
008
250311b |||||||| |||| 00| 0 eng d
020
_a
9781264795673
040
_a
02
100
_a
PETER,J.
245
_a
HARPER'S ILLUSTRATED
260
_a
NEW YARK
_b
MC GRAW HILL
_c
2023
300
_a
802
942
_c
01
999
_c
65356
_d
65356